Recepty prastarej matere

Bibliographic Details
Other Authors: Vansová, Terézia, 1857-1942 (Compiler)
Format: Book
Language:Slovak
PhysicalDescription:423 s. 21 cm
Published: Bratislava Ikar 1998
ISBN:8071185671
Subjects:

MARC

LEADER 00000nam a2200000 a 4500
001 vtls001326241
003 SK-MaSNL
005 20260301005603.0
008 240226s1998 xo slo
015 |a SNBA1998/07-02499 
020 |a 8071185671 
035 |a SNK000279014 
035 |a urn:nbn:sk:snk-amkhhx 
035 |a urn:nbn:sk:snk-am008gky 
035 |a 28A9F808-2428-4B27-99DE-104C15FCFDD2 
040 |a SNK  |b slo  |c SNK  |e AACR2 
041 0 |a slo 
044 |a xo  |c SK 
080 |a 641.5(083.12)  |2 1981 
245 0 0 |a Recepty prastarej matere  |c zostavila Terézia Vansová 
260 |a Bratislava  |b Ikar  |c 1998 
300 |a 423 s.  |c 21 cm 
500 |a Faksimile vydania titulu: Nová kuchárska kniha (zostavila Terézia Vansová) z roku 1930 
650 0 7 |a jedlá  |x príprava  |x knihy kuchárske  |2 SNK  |9 290126 
650 0 7 |a knihy kuchárske  |2 SNK  |9 283472 
655 7 |a príručky  |2 SNK  |9 74364 
700 1 |a Vansová, Terézia,  |d 1857-1942  |4 com  |9 107793 
919 |a 80-7118-567-1 
958 |a TL 
999 |c 545593  |d 547523 
952 |t P60, <03>, [BOOK], {603}  |a SNK  |b SNK  |y PREZ  |7 0  |p 17A0130298  |o snkSC 95444  |i snkKSP 3412/98  |0 0  |1 0  |4 0  |d 1998-03-30  |f 1  |l 0  |r 2025-09-12 00:00:00  |w 2026-02-23 
952 |a SNK  |b SNK  |y VYP  |7 0  |p 17A0130299  |o snkSC 95444 D1  |i snkKSP 3413/98  |0 0  |1 0  |4 0  |d 1998-03-30  |l 0  |r 2005-01-02 00:00:00  |w 2026-02-23